Design, History and Time: New Temporalities in a Digital Age (Record no. 14362)

000 -LEADER
fixed length control field 00459cam a22001574a 4500
003 - CONTROL NUMBER IDENTIFIER
control field OSt
005 - DATE AND TIME OF LATEST TRANSACTION
control field 20260217132643.0
008 - FIXED-LENGTH DATA ELEMENTS--GENERAL INFORMATION
fixed length control field 000127s2000 tnu b 001 0 eng
020 ## - INTERNATIONAL STANDARD BOOK NUMBER
International Standard Book Number 9781350359918
Qualifying information pbk.
082 00 - DEWEY DECIMAL CLASSIFICATION NUMBER
Classification number 236/.9
Edition number 21
245 10 - TITLE STATEMENT
Title Design, History and Time: New Temporalities in a Digital Age
250 ## - EDITION STATEMENT
Edition statement Zoë Hendon & Anne Massey
260 ## - PUBLICATION, DISTRIBUTION, ETC. (IMPRINT)
Name of publisher, distributor, etc Bloomsbury Visual Arts / Bloomsbury Publishing
Date of publication, distribution, etc February 9 2023
300 ## - PHYSICAL DESCRIPTION
Extent 216p. ;
942 ## - ADDED ENTRY ELEMENTS (KOHA)
Source of classification or shelving scheme
Holdings
Withdrawn status Lost status Source of classification or shelving scheme Damaged status Koha normalized classification for sorting Not for loan Permanent location Current location Shelving location Date acquired Full call number Barcode Date last seen Price effective from Koha item type Public note
        236_000000000000000__9   BMS College of Architecture, Design and Planning BMS College of Architecture, Design and Planning General Stacks 2025-12-19 236/.9 AR-UG5271 2026-02-10 2026-02-10 UG Books S-07
Copyright © 2025, The Librarian, Library and Information Centre, BMSCA D&P, Bengaluru. All Rights Reserved
web counter

Powered by Koha